| 000 | 00718nam a22002297a 4500 | ||
|---|---|---|---|
| 005 | 20170124110015.0 | ||
| 010 | _a861939 | ||
| 020 | _c00.00 | ||
| 035 | _a861939 | ||
| 037 | _bCen Lib/Ret | ||
| 040 |
_aDPL _bEN |
||
| 082 |
_a301.0954 _bSUR |
||
| 100 |
_aSuri, Pushpa _911590 |
||
| 245 |
_aSocial conditions in eighteenth century northern India / _cby Pushpa Suri |
||
| 260 |
_aDelhi _bUniversity of Delhi _c1977 |
||
| 270 |
_bDelhi _a110007 |
||
| 300 |
_ax,252p. _c21cm(Hb) |
||
| 500 | _aIncludes bibliographical references and index | ||
| 650 |
_aPunjab (India) -- Social conditions _918520 |
||
| 650 |
_aRajasthan (India) -- Social conditions _918521 |
||
| 942 |
_2ddc _cEN _h301.0954 _mSUR |
||
| 999 |
_c126800 _d126800 |
||